1129 1888 1064 1732 1505 1848 1416 1911 1645 1578 1183 1945 1687 1737 1570 1071 1784 1821 1423 1875 1660 1979 1124 1686 1644 1885 1618 1315 1584 1389 1860 1853 1420 1491 1224 1770 1089 1961 1638 1984 1911 1109 1697 1834 1476 1433 1684 1979 1959 1947 1836 1067 1465 1138 1675 1384 1989 1113 1919 1966 1170 1731 1685 1957 1178 1828 1619 1939 1924 1187 1197 1183 1065 1872 1244 1378 1236 1267 1818 1566 1127 1010 1289 1832 1024 1812 1590 1408 1292 1638 1117 1951 1125 1276 1442 1940 1237 1316 1899 BCNSPRNW ULIB Ver.6.0+V

เปลี่ยนเป็นภาษาไทย

Change to English
 แสดงรายละเอียดบรรณานุกรม
  กลับหน้าหลัก

Brief Record : Get Marc (ISO 2709) : E-mail record : QR code < ปิดหน้าต่าง
LEADER : 00000nam 2200000uu 4500
001    13399128946
003     ULIB
008    241101s2563||||th 000 0 tha d
020    ^a9786165656351
050  4 ^aZ665^bท668ท
100 0  ^aเทอดศักดิ์ ไม้เท้าทอง
245 10 ^aทักษะการรู้สารสนเทศในศตวรรษที่ 21 /^cเทอดศักดิ์ ไม้เท้าทอง
250    ^aพิมพ์ครั้งที่ 1
260    ^aกรุงเทพฯ :^bกรีน ไลฟ์ พริ้นติ้ง เฮ้าส์,^c2563
300    ^a154 หน้า :^bภาพประกอบ ;^c22 ซม.
650  4 ^aการรู้สารสนเทศ
650  4 ^aการค้นสารสนเทศ
945    ^p160^l0^i30326
945    ^p160^l0^i30327
999    ^aกัณชพร จุลอักษร
รายการนี้ยังไม่มีแท็ก
คุณยังไม่ได้ล็อกอิน คุณสามารถมีกิจกรรมร่วมกับเว็บไซต์ได้ แต่ต้องล็อกอินก่อน ::
  ล็อกอิน

รายการสื่อสารสนเทศ

ลำดับที่ ประเภท เลขเรียก/บาร์โค้ด สถานที่ สถานะ
1. หนังสือสำรอง
หนังสือสำรอง
Z665 ท668ท ฉ.1 
  Barcode: 30326
ห้องสมุดวิทยาเขตนครสวรรค์
►หนังสือทั่วไป:l:General Books
บนชั้น
2. วิทยาศาสตร์การแพทย์ และสุขภาพ
วิทยาศาสตร์การแพทย์ และสุขภาพ
Z665 ท668ท ฉ.2 
  Barcode: 30327
ห้องสมุดวิทยาเขตนครสวรรค์
►หนังสือทั่วไป:l:General Books
บนชั้น

รายการใกล้เคียง
    ผู้แต่ง [เทอดศักดิ์ ไม้เท้าทอง]

    หัวเรื่อง [การรู้สารสนเทศ]
    หัวเรื่อง [การค้นสารสนเทศ]

BibComment


ยังไม่เคยถูกคอมเมนท์

คอมเมนท์ทรัพยากรรายการนี้
  คอมเมนท์: ทักษะการรู้สารสน..


 Copyright 2026. Bcnsprnw @Library